Library of the University of Algiers 3
Ibrahim Sultan Cheibout
شعار جامعة الجزائر 3
مكتبة جامعة الجزائر 3
إبراهيم سلطان شيبوط

دراسات في إقتصاديات الزراعة والتنمية الريفية / (رقم التسجيلة. 45483)

تفاصيل مارك
000 -LEADER
fixed length control field 01258nam a2200229Ia 4500
003 - CONTROL NUMBER IDENTIFIER
control field Ost
005 - DATE AND TIME OF LATEST TRANSACTION
control field 20260507075646.0
008 - FIXED-LENGTH DATA ELEMENTS--GENERAL INFORMATION
fixed length control field 260507s9999||||xx |||||||||||||| ||und||
020 ## - INTERNATIONAL STANDARD BOOK NUMBER
International Standard Book Number 6302501977
040 ## - CATALOGING SOURCE
Transcribing agency fsecg
041 ## - LANGUAGE CODE
Language code of text/sound track or separate title ara
082 ## - DEWEY DECIMAL CLASSIFICATION NUMBER
Classification number 338.1
100 ## - MAIN ENTRY--PERSONAL NAME
Personal name لقوشة، رفعت
Relator term مؤلف
245 #0 - TITLE STATEMENT
Title دراسات في إقتصاديات الزراعة والتنمية الريفية /
Statement of responsibility, etc. رفعت لقوشة
260 ## - PUBLICATION, DISTRIBUTION, ETC.
Place of publication, distribution, etc. القاهرة:
Name of publisher, distributor, etc. المكتبة الأكاديمية,
Date of publication, distribution, etc. 1993
300 ## - PHYSICAL DESCRIPTION
Extent 215 صفحة؛
Other physical details إيضاحات ؛
Dimensions 24 سم
520 ## - SUMMARY, ETC.
Summary, etc. الريع الزراعي والإيجار الرسمي- القطاع الزراعي المصري- تفتت الملكية الزراعية والدخل الزراعي- سعر العرض الزراعي-تفوق معدل التضخم في الريف على معدل التضخم في الحضر- السياسة الحكومية في مجال القمح- التنمية- المكينة الزراعية والتنمية- العمل الزراعي المهاجر- الإندماج الإصطناعي بين القرية والمدينة.
653 ## - INDEX TERM--UNCONTROLLED
Uncontrolled term إقتصاديات الزراعة
653 ## - INDEX TERM--UNCONTROLLED
Uncontrolled term التنمية الريفية
653 ## - INDEX TERM--UNCONTROLLED
Uncontrolled term الزراعة
942 ## - ADDED ENTRY ELEMENTS (KOHA)
Koha item type كتب
المقتنيات
Withdrawn status Lost status Source of classification or shelving scheme Damaged status Not for loan Home library Current library Date acquired Serial enumeration / chronology Inventory number Total checkouts Full call number Barcode Date last seen Price effective from Koha item type
    Dewey Decimal Classification   NOT LOAN / إعارة داخلية مكتبة كلية العلوم الإقتصادية والعلوم التجارية وعلوم التسيير مكتبة كلية العلوم الإقتصادية والعلوم التجارية وعلوم التسيير 07/05/2026 الطابق الأرضي 1/1603   أ/1603ن1 1/1603 07/05/2026 07/05/2026 كتب

موارد الويب المفتوحة


© University of Algiers 3 All Rights Reserved
|
Implemented by LECHELAH Riad